<?xml version="1.0" encoding="UTF-8"?>
<record
    xmlns:xsi="http://www.w3.org/2001/XMLSchema-instance"
    xsi:schemaLocation="http://www.loc.gov/MARC21/slim http://www.loc.gov/standards/marcxml/schema/MARC21slim.xsd"
    xmlns="http://www.loc.gov/MARC21/slim">

  <leader>00629nom a22001817a 4500</leader>
  <controlfield tag="005">20220609144126.0</controlfield>
  <controlfield tag="008">190719b        xxu||||| |||| 00| 0 spa d</controlfield>
  <datafield tag="041" ind1=" " ind2=" ">
    <subfield code="a">ESP</subfield>
  </datafield>
  <datafield tag="082" ind1=" " ind2=" ">
    <subfield code="a">Kit de entrenamiento pedi&#xE1;trico para rescate acu&#xE1;tico</subfield>
  </datafield>
  <datafield tag="245" ind1=" " ind2=" ">
    <subfield code="a">Kit de entrenamiento pedi&#xE1;trico para rescate acu&#xE1;tico</subfield>
  </datafield>
  <datafield tag="300" ind1=" " ind2=" ">
    <subfield code="a">Emily: 2.27 Kg / Billy: 3.17 Kg / Timmy: 4.5 Kg</subfield>
  </datafield>
  <datafield tag="300" ind1=" " ind2=" ">
    <subfield code="b">Emily: 66 cm / Billy: 66 cm / Timmy: 86 cm</subfield>
  </datafield>
  <datafield tag="300" ind1=" " ind2=" ">
    <subfield code="c">Masculino y femenino</subfield>
  </datafield>
  <datafield tag="500" ind1=" " ind2=" ">
    <subfield code="a">Se prestan para el mismo d&#xED;a, hasta las 7:50 pm</subfield>
  </datafield>
  <datafield tag="650" ind1=" " ind2=" ">
    <subfield code="a">MODELOS ANAT&#xD3;MICOS</subfield>
    <subfield code="9">63585</subfield>
  </datafield>
  <datafield tag="650" ind1=" " ind2=" ">
    <subfield code="a">RESCATE ACU&#xC1;TICO</subfield>
    <subfield code="9">63576</subfield>
  </datafield>
  <datafield tag="942" ind1=" " ind2=" ">
    <subfield code="c">MA</subfield>
  </datafield>
  <datafield tag="999" ind1=" " ind2=" ">
    <subfield code="c">12138</subfield>
    <subfield code="d">12138</subfield>
  </datafield>
  <datafield tag="952" ind1=" " ind2=" ">
    <subfield code="0">0</subfield>
    <subfield code="1">0</subfield>
    <subfield code="4">0</subfield>
    <subfield code="7">0</subfield>
    <subfield code="l">22</subfield>
    <subfield code="o">Kit de entrenamiento pedi&#xE1;trico para rescate acu&#xE1;tico</subfield>
    <subfield code="p">ACT-1978</subfield>
    <subfield code="r">2026-03-02 19:34:26</subfield>
    <subfield code="s">2026-03-02</subfield>
    <subfield code="t">Emily: reci&#xE9;n nacida</subfield>
    <subfield code="w">2019-07-19</subfield>
    <subfield code="y">MA</subfield>
  </datafield>
  <datafield tag="952" ind1=" " ind2=" ">
    <subfield code="0">0</subfield>
    <subfield code="1">0</subfield>
    <subfield code="4">0</subfield>
    <subfield code="7">0</subfield>
    <subfield code="l">36</subfield>
    <subfield code="o">Kit de entrenamiento pedi&#xE1;trico para rescate acu&#xE1;tico</subfield>
    <subfield code="p">ACT-1979</subfield>
    <subfield code="r">2026-03-09 16:49:08</subfield>
    <subfield code="s">2026-03-09</subfield>
    <subfield code="t">Billy: 6 a 9 meses</subfield>
    <subfield code="w">2019-07-19</subfield>
    <subfield code="y">MA</subfield>
  </datafield>
  <datafield tag="952" ind1=" " ind2=" ">
    <subfield code="0">0</subfield>
    <subfield code="1">0</subfield>
    <subfield code="4">0</subfield>
    <subfield code="7">0</subfield>
    <subfield code="l">41</subfield>
    <subfield code="o">Kit de entrenamiento pedi&#xE1;trico para rescate acu&#xE1;tico</subfield>
    <subfield code="p">ACT-1980</subfield>
    <subfield code="r">2026-04-24 13:33:55</subfield>
    <subfield code="s">2026-04-24</subfield>
    <subfield code="t">Timmy: 3 a&#xF1;os</subfield>
    <subfield code="w">2019-07-19</subfield>
    <subfield code="y">MA</subfield>
  </datafield>
</record>
